Normal view MARC view

Entry Personal Name

Number of records used in: 1

001 - CONTROL NUMBER

  • control field: 9567

003 - CONTROL NUMBER IDENTIFIER

  • control field: DLC

005 - DATE AND TIME OF LATEST TRANSACTION

  • control field: 20230921163143.0

008 - FIXED-LENGTH DATA ELEMENTS

  • fixed length control field: 041130n| acannaabn |n aaa

010 ## - LIBRARY OF CONGRESS CONTROL NUMBER

  • LC control number: n 2004144835

040 ## - CATALOGING SOURCE

  • Original cataloging agency: DLC
  • Language of cataloging: eng
  • Transcribing agency: DLC

100 1# - HEADING--PERSONAL NAME

  • Personal name: Hammond, Michael,
  • Dates associated with a name: 1956-

670 ## - SOURCE DATA FOUND

  • Source citation: Hammond, Michael. Next steps in teaching, 2005:
  • Information found: ECIP t.p. (Michael Hammond) data view (lecturer in education, Univ. of Warwick)

670 ## - SOURCE DATA FOUND

  • Source citation: E-mail from pub., Nov. 30, 2004
  • Information found: (b. Feb. 18, 1956; co-author of Teaching and learning with multi media)

Powered by Koha